000 00317nam a2200121Ia 4500
008 190216s9999||||xx |||||||||||||| ||und||
100 _aMankar V G&Amp; Sreedharn Pilla
245 0 _aBusiness And Managerial Economics
260 _bHimalaya Publishing House
_c1985
300 _a407p
650 _aCommerce
942 _cBK
999 _c5287
_d5287